[Event "34th Chess Olympiad (men)"]
[Site "Istanbul"]
[Date "2000.11.10"]
[Round "13.27.4"]
[White "Mbambara, Tizenge"]
[Black "Polak, Tomas"]
[WhiteElo "2122"]
[BlackElo "2499"]
[WhiteCountry "ZAM"]
[BlackCountry "CZE"]
[Result "0-1"]

1. Nf3 Nf6 2. c4 e6 3. g3 b6 4. Bg2 Bb7 5. Nc3 Be7 6. O-O O-O 7. d4 d5 
8. Nh4 Ne4 9. Bxe4 dxe4 10. Ng2 Bf6 11. e3 Na6 12. a3 c5 13. Ne2 Qc7 
14. Qc2 Rac8 15. b3 b5 16. Rb1 bxc4 17. Qxc4 Qb6 18. Qa4 Bc6 19. dxc5 Nxc5 
20. Qb4 Bb5 21. Qd2 Rfd8 22. Qa2 Qa6 23. Re1 Nd3 24. Nd4 Nxe1 25. Nxe1 Bd3 
26. Ra1 e5 27. Nf5 Qe6 28. Nxd3 Rxd3 29. g4 Rd1+ 
0-1

[Event "34th Chess Olympiad (men)"]
[Site "Istanbul"]
[Date "2000.11.10"]
[Round "13.28.1"]
[White "Hamdouchi, Hichem"]
[Black "Svetushkin, Dmitry"]
[WhiteElo "2541"]
[BlackElo "2472"]
[WhiteCountry "MAR"]
[BlackCountry "MDA"]
[Result "0-1"]

1. e4 c6 2. d4 d5 3. Nd2 dxe4 4. Nxe4 Bf5 5. Ng3 Bg6 6. Bc4 e6 7. N1e2 Bd6 
8. O-O Nf6 9. Bf4 O-O 10. Qd2 Qc7 11. Rad1 Nbd7 12. Bxd6 Qxd6 13. Nf4 Rfd8 
14. Rfe1 Nb6 15. Bb3 Nbd5 16. Nxg6 hxg6 17. c4 Ne7 18. c5 Qc7 19. Ne4 Nxe4 
20. Rxe4 Nd5 21. Qg5 Qe7 22. Qg3 Qf6 23. Rd3 Qf5 24. Re5 Nf4 25. Rd2 Qf6 
26. h4 Rd7 27. Re4 Nd5 28. Rd3 Ne7 29. Qh3 Nf5 30. Rf4 Rad8 31. g4 Rxd4 
32. Rdxd4 Rxd4 33. Rf3 g5 34. Kf1 Qh6 35. Qh2 Rxg4 36. Rxf5 Rxh4 37. Qb8+ Kh7 
38. Rxf7 Qg6 39. Qf8 Qd3+ 40. Kg1 Qb1+ 
0-1

[Event "34th Chess Olympiad (men)"]
[Site "Istanbul"]
[Date "2000.11.10"]
[Round "13.28.2"]
[White "Sanduleac, Vasile"]
[Black "Tissir, Mohamed"]
[WhiteElo "2438"]
[BlackElo "2342"]
[WhiteCountry "MDA"]
[BlackCountry "MAR"]
[Result "1-0"]

1. e4 e6 2. d3 d5 3. Nd2 Nf6 4. Ngf3 Nc6 5. c3 a6 6. Be2 dxe4 7. dxe4 e5 
8. O-O Be7 9. Qc2 O-O 10. Nc4 Bd6 11. Rd1 b5 12. Nxd6 cxd6 13. Bg5 h6 
14. Bh4 Qe7 15. Nd2 g5 16. Bg3 Be6 17. Nf1 Rac8 18. Qb1 Rfd8 19. Ne3 Qb7 
20. f3 Rd7 21. Bf2 Kg7 22. Bf1 Ne7 23. Qc2 d5 24. exd5 Nfxd5 25. Qe4 f6 
26. Bd3 Bg8 27. Bc2 Rcc7 28. Nxd5 Rxd5 29. Rxd5 Qxd5 30. Rd1 Qxe4 31. Bxe4 Bxa2 
32. Bb6 Rc8 33. Rd7 Kf7 34. Bb7 Re8 35. Bc5 Ke6 36. Rd6+ Kf7 37. Bxa6 Bc4 
38. Rb6 Ra8 39. Bxe7 Kxe7 40. Bxb5 Be6 41. Kf2 f5 42. Bd3 Rd8 43. Be2 h5 
44. h3 h4 45. Ke1 Ra8 46. Ra6 Rb8 47. b4 Rc8 48. Kd2 Rd8+ 49. Kc2 e4 
50. fxe4 fxe4 51. Ra1 Rf8 52. Rf1 Ra8 53. Kd2 Ra2+ 54. Ke3 Rc2 55. Re1 Rxc3+ 
56. Kxe4 Rb3 57. b5 Kd6 58. Rd1+ Ke7 59. Rd2 Rb4+ 60. Ke5 Bd7 61. Kd5 g4 
62. hxg4 Bxg4 63. Bxg4 Rxg4 64. Kc6 Rg3 65. b6 Rc3+ 66. Kb7 h3 67. gxh3 Rxh3 
68. Kb8 Rb3 69. b7 Ra3 70. Rd5 Ke6 71. Kc8 Rc3+ 72. Kd8 Kxd5 73. b8=Q Kc4 
74. Kd7 Kd3 75. Ke6 Kc2 76. Kd5 Rd3+ 77. Ke4 Rc3 78. Qb5 Kc1 79. Kd4 Rc2 
80. Qb4 Rd2+ 81. Kc3 Rd3+ 
1-0

[Event "34th Chess Olympiad (men)"]
[Site "Istanbul"]
[Date "2000.11.10"]
[Round "13.28.3"]
[White "Mokhils, Eladnani"]
[Black "Komliakov, Viktor"]
[WhiteElo "2000"]
[BlackElo "2453"]
[WhiteCountry "MAR"]
[BlackCountry "MDA"]
[Result "0-1"]

1. Nf3 d5 2. g3 Nf6 3. Bg2 Bg4 4. d4 c6 5. O-O Nbd7 6. b3 e6 7. Nbd2 h6 
8. Bb2 Be7 9. Ne5 Bf5 10. c4 O-O 11. Qe1 a5 12. e4 Nxe5 13. dxe5 Nxe4 
14. Nxe4 dxe4 15. Bc3 Qb6 16. Bxe4 Bh3 17. Bg2 Bxg2 18. Kxg2 Bb4 19. Rd1 Rfd8 
20. Bxb4 axb4 21. Qe2 Qc5 22. f4 Qa5 23. Kh3 g6 24. Rxd8+ Rxd8 25. Rd1 Kg7 
26. Rd2 Rxd2 27. Qxd2 Qc5 28. Kg2 b5 29. Qf2 Qe7 30. cxb5 cxb5 31. Qd4 Qb7+ 
32. Kg1 Qf3 33. Qxb4 Qd1+ 34. Kg2 Qc2+ 35. Kg1 Qb1+ 36. Kg2 Qxa2+ 37. Kf3 Qa8+ 
38. Qe4 Qa1 39. Qe2 Qc3+ 40. Qe3 Qc2 41. b4 Qxh2 42. Qc5 Qh1+ 43. Kf2 Qb7 
44. Kg1 Qf3 45. Kh2 Qd3 46. Qe7 Qd5 47. Kg1 Qa8 48. Qc5 Qf3 49. Kh2 Qe2+ 
50. Kh3 g5 51. Qe7 Qh5+ 52. Kg2 gxf4 53. Qf6+ Kh7 54. Qxf4 Qf5 55. Qd4 Kg7 
56. Kh2 h5 57. Qe3 Qg4 58. Qc5 Qe2+ 59. Kh3 Kg6 60. Qd4 Qf1+ 61. Kh2 Kf5 
62. g4+ hxg4 63. Qxg4+ Kxe5 64. Qg5+ Qf5 65. Qe3+ Kf6 66. Qh6+ Ke7 67. Qh4+ Qf6 
68. Qe4 Qh6+ 
0-1

[Event "34th Chess Olympiad (men)"]
[Site "Istanbul"]
[Date "2000.11.10"]
[Round "13.28.4"]
[White "Khruschiov, Alexey"]
[Black "Daoud, Mod Rabie"]
[WhiteElo "2381"]
[BlackElo "2143"]
[WhiteCountry "MDA"]
[BlackCountry "MAR"]
[Result "1/2-1/2"]

1. e4 c5 2. Nf3 Nc6 3. d4 cxd4 4. Nxd4 Nf6 5. Nc3 e5 6. Ndb5 d6 7. Bg5 a6 
8. Na3 b5 9. Nd5 Be7 10. Bxf6 Bxf6 11. c3 O-O 12. Nc2 Rb8 13. h4 a5 14. g3 Ne7 
15. Nxf6+ gxf6 16. Bg2 f5 17. exf5 Bxf5 18. Ne3 Be6 19. Nd5 f5 20. O-O f4 
21. Be4 Nxd5 22. Bxd5 Bxd5 23. Qxd5+ Kh8 24. Rad1 Rf6 25. Rd2 Qb6 26. Kg2 Rg8 
27. Re1 fxg3 28. fxg3 Rgf8 29. Ree2 Rf1 30. Qxd6 R1f2+ 31. Rxf2 Rxf2+ 
32. Kh3 Qxd6 33. Rxd6 Rxb2 34. Rd5 Rxa2 35. Rxb5 Rc2 36. Rxa5 Rxc3 37. Rxe5 Rc4 
38. Re7 Kg8 39. Re5 Kg7 40. Rg5+ Kh8 41. Rg4 Rc5 42. Ra4 Kg7 43. Kg4 h5+ 
44. Kf4 Rc6 45. Ra5 Kg6 46. Rg5+ Kh6 47. Rd5 Rf6+ 48. Ke4 Kg6 49. Rg5+ Kh6 
50. Rc5 Kg6 51. Rd5 Re6+ 52. Re5 Rf6 53. Kd3 Rd6+ 54. Ke2 Ra6 55. Re3 Ra2+ 
56. Kf3 Ra6 57. Ke4 Ra4+ 58. Ke5 Ra5+ 59. Kf4 Ra4+ 60. Re4 Ra6 
1/2-1/2

[Event "34th Chess Olympiad (men)"]
[Site "Istanbul"]
[Date "2000.11.10"]
[Round "13.29.1"]
[White "Matamoros, Franco Carlos S"]
[Black "El Taher, Fouad"]
[WhiteElo "2467"]
[BlackElo "2485"]
[WhiteCountry "ECU"]
[BlackCountry "EGY"]
[Result "1/2-1/2"]

1. c4 Nf6 2. g3 g6 3. Bg2 Bg7 4. Nc3 d6 5. Nf3 O-O 6. O-O Nc6 7. d4 a6 
8. d5 Na5 9. Nd2 c5 10. Rb1 Rb8 11. b3 b5 12. Bb2 e5 
1/2-1/2

[Event "34th Chess Olympiad (men)"]
[Site "Istanbul"]
[Date "2000.11.10"]
[Round "13.29.3"]
[White "Mera, Cedeno Angel"]
[Black "Hassan, Sayed Barakat"]
[WhiteElo "2376"]
[BlackElo "2365"]
[WhiteCountry "ECU"]
[BlackCountry "EGY"]
[Result "0-1"]

1. c4 g6 2. g3 Bg7 3. Nc3 Nf6 4. Bg2 O-O 5. d3 e5 6. Nf3 Re8 7. O-O d6 
8. Rb1 a5 9. a3 c6 10. Nd2 d5 11. cxd5 cxd5 12. Qb3 d4 13. Na4 Ra7 14. Nc4 Bd7 
15. Nc5 Bc6 16. Bxc6 bxc6 17. Bd2 Bf8 18. Nb7 a4 19. Nxd8 axb3 20. Ba5 Nfd7 
21. f4 Be7 22. fxe5 Bxd8 23. Nd6 Rxa5 24. Nxe8 Rxe5 25. Nd6 f5 26. g4 Bc7 
27. Nc4 Rxe2 28. gxf5 Bxh2+ 29. Kh1 Bc7 30. Rbe1 Rxe1 31. Rxe1 gxf5 32. Re7 h5 
33. a4 Kf8 34. Rh7 Ke8 35. Rxh5 f4 36. Nd2 Ne5 37. Rh3 f3 38. Nxb3 Nxd3 
39. Rxf3 Nxb2 40. Nxd4 Nxa4 41. Ra3 Nb6 42. Rd3 Ke7 43. Re3+ Kd6 44. Re8 N6d7 
45. Kg2 Kd5 46. Nf5 c5 47. Kf1 Bf4 48. Ke2 Nf6 49. Ne3+ Kd4 50. Rd8+ Ke4 
51. Nc4 Nbd7 52. Kd1 Bc7 53. Rh8 Kd4 54. Rh4+ Kc3 55. Na3 Be5 56. Nc4 Bg3 
57. Rh3 Ne4 58. Rxg3+ Nxg3 59. Nd6 Kd3 60. Kc1 Ne5 61. Nb7 c4 62. Nc5+ Kc3 
63. Kb1 Nd3 64. Ne6 Ne2 65. Nc7 Kb3 66. Ka1 Nb4 67. Ne6 Nc3 68. Nd4+ Ka3 
0-1

[Event "34th Chess Olympiad (men)"]
[Site "Istanbul"]
[Date "2000.11.10"]
[Round "13.29.4"]
[White "El Arousy Abdul, Hameed"]
[Black "Munoz, Sotomayor Hugo"]
[WhiteElo "2363"]
[BlackElo "2322"]
[WhiteCountry "EGY"]
[BlackCountry "ECU"]
[Result "1-0"]

1. e4 c5 2. Nf3 e6 3. d4 cxd4 4. Nxd4 Nc6 5. Nc3 Qc7 6. Be2 Nf6 7. O-O a6 
8. Be3 Bb4 9. Na4 O-O 10. Nxc6 bxc6 11. Nb6 Rb8 12. Nxc8 Rfxc8 13. Bxa6 Rf8 
14. Bd3 Bd6 15. f4 e5 16. f5 Rxb2 17. g4 Qa5 18. g5 Bc5 19. gxf6 Bxe3+ 
20. Kh1 g6 21. fxg6 hxg6 22. Qg4 Bf4 23. Qh4 Qc3 24. Rg1 Rxc2 25. Bxc2 Qxc2 
26. Rae1 Qc3 27. Qg4 d5 28. Re2 Qd4 29. Qf3 Rb8 30. Rge1 Rb4 31. Rc2 dxe4 
32. Qh3 Rc4 33. Qc8+ 
1-0

[Event "34th Chess Olympiad (men)"]
[Site "Istanbul"]
[Date "2000.11.10"]
[Round "13.30.1"]
[White "Adianto, Utut"]
[Black "Nilssen, John Arni"]
[WhiteElo "2583"]
[BlackElo "2354"]
[WhiteCountry "INA"]
[BlackCountry "FAI"]
[Result "1/2-1/2"]

1. d4 Nf6 2. Nf3 e6 3. c4 b6 4. g3 Ba6 5. Nbd2 c5 6. e4 cxd4 7. e5 Ng4 
8. h3 Nh6 9. Bg2 Bb7 10. O-O f6 11. Re1 f5 12. Nxd4 Bxg2 13. Kxg2 Be7 
14. Qf3 Na6 15. a3 O-O 16. b4 Nc7 17. Bb2 a5 18. Bc3 Nf7 19. N4b3 axb4 
20. axb4 Na6 21. Ra4 Qb8 22. Rea1 Ng5 23. Qe3 Qb7+ 24. f3 Nf7 25. Qd3 Rfd8 
26. b5 Nc7 27. Rxa8 Nxa8 28. h4 Nc7 29. Qe3 Ra8 30. Ra4 Ra6 31. Rxa6 Na8 
32. Bd4 Bd8 33. Kf2 Bc7 34. Qc3 Bd8 35. f4 Be7 36. Qf3 Nd8 37. Qxb7 Nxb7 
38. Ke3 Kf8 39. Nb1 Ke8 40. Nc3 Kd8 41. Na4 Kc7 42. h5 Bb4 43. Kf3 Be7 
44. g4 g6 45. hxg6 hxg6 46. g5 Bb4 47. Ke3 d6 48. exd6+ Nxd6 49. Kd3 Ne4 
50. Be3 Bd6 51. Nd4 e5 52. fxe5 Bxe5 53. Ne6+ Kb7 54. Nf8 Bc7 55. Nc3 Nd6 
56. Nxg6 Nf7 57. Nd5 f4 58. Nxc7 Nxc7 59. Nxf4 Nxg5 60. Nd5 Nf7 61. Nxc7 Kxc7 
62. Kd4 Nd8 63. Kd5 Nb7 64. Bf4+ Kd7 65. Be5 Na5 66. Bc3 Nb7 67. Bd4 Kc7 
68. Ke6 Na5 69. Be5+ Kc8 70. Kd5 Kd7 71. Bd4 Kc7 72. Bc3 Nb7 73. Ke6 Nc5+ 
74. Ke7 Nb7 75. Bb4 Kc8 76. Bd2 Kc7 77. Bc3 Kc8 78. Ke6 Kc7 79. Kd5 Kd7 80. Ke4 
1/2-1/2

[Event "34th Chess Olympiad (men)"]
[Site "Istanbul"]
[Date "2000.11.10"]
[Round "13.30.3"]
[White "Juswanto, Denny"]
[Black "Naes, Flovin Tor"]
[WhiteElo "2483"]
[BlackElo "2271"]
[WhiteCountry "INA"]
[BlackCountry "FAI"]
[Result "1-0"]

1. d4 d5 2. Nf3 Nf6 3. g3 c5 4. c3 e6 5. Bg2 Nc6 6. O-O Bd6 7. Bg5 h6 
8. Bxf6 Qxf6 9. dxc5 Bxc5 10. Nbd2 O-O 11. e4 Rd8 12. Re1 e5 13. exd5 Rxd5 
14. Ne4 Qd8 15. Nxc5 Rxd1 16. Raxd1 Qb6 17. b4 Bg4 18. h3 Bxf3 19. Bxf3 a5 
20. Nd7 Qc7 21. b5 Nd4 22. cxd4 Qxd7 23. dxe5 Qxb5 24. Rb1 Qc5 25. e6 fxe6 
26. Rxb7 Rf8 27. Rb3 Rf6 28. Re2 Qc4 29. Bg4 Kf7 30. Rbe3 g6 31. Bxe6+ Rxe6 
32. Rxe6 a4 33. R6e4 Qc6 34. h4 h5 35. Rf4+ Kg8 36. Kh2 a3 37. Rfe4 Qc5 
38. R4e3 Qc1 39. Rf3 Qc4 40. Re8+ Kg7 41. Rxa3 Qc2 42. Ra7+ Kf6 43. Rf8+ Ke5 
44. Rf4 g5 45. Ra5+ 
1-0

[Event "34th Chess Olympiad (men)"]
[Site "Istanbul"]
[Date "2000.11.10"]
[Round "13.30.4"]
[White "Simonsen, Olavur"]
[Black "Hamdani, Rudin"]
[WhiteElo "2183"]
[BlackElo "2385"]
[WhiteCountry "FAI"]
[BlackCountry "INA"]
[Result "0-1"]

1. e4 e5 2. Nf3 Nc6 3. Bc4 Nf6 4. Ng5 d5 5. exd5 Na5 6. Bb5+ c6 7. dxc6 bxc6 
8. Be2 h6 9. Nf3 e4 10. Ne5 Qd4 11. f4 Bc5 12. Rf1 Bb6 13. c3 Qd6 14. Qa4 Bd7 
15. b4 Nb7 16. Na3 O-O 17. Nac4 Qc7 18. Nxb6 axb6 19. Qc2 c5 20. Qb2 Nd6 
21. d3 Bb5 22. Kf2 exd3 23. Bxd3 Bxd3 24. Nxd3 Nc4 25. Qb3 Ne4+ 26. Kg1 Ncd2 
27. Bxd2 Nxd2 28. Qc2 Nxf1 29. Rxf1 cxb4 30. Nxb4 Rfc8 31. Rf3 Ra3 32. h3 Rxc3 
33. Rxc3 Qxc3 34. Qxc3 Rxc3 35. Nd5 Rc1+ 36. Kh2 b5 37. a3 Rc5 38. a3 Rc5 
0-1

[Event "34th Chess Olympiad (men)"]
[Site "Istanbul"]
[Date "2000.11.10"]
[Round "13.31.1"]
[White "Wu, Shaobin"]
[Black "Espinosa, Rafael"]
[WhiteElo "2523"]
[BlackElo "2406"]
[WhiteCountry "SIN"]
[BlackCountry "MEX"]
[Result "1-0"]

1. Nf3 Nf6 2. c4 e6 3. Nc3 c5 4. g3 b6 5. Bg2 Bb7 6. O-O Be7 7. Re1 d6 8. e4 a6 
9. d4 cxd4 10. Nxd4 Qc7 11. Be3 O-O 12. Rc1 Nbd7 13. Qe2 Rac8 14. b3 Qb8 
15. f4 Rfe8 16. Bf2 h5 17. h3 Qa8 18. Nf3 d5 19. e5 Ne4 20. Nxe4 dxe4 
21. Nd2 Bb4 22. Bxe4 Bxd2 23. Bxb7 Qxb7 24. Qxd2 Nf8 25. Qe2 h4 26. g4 Ng6 
27. Qe4 Qb8 28. Rcd1 Red8 29. Rxd8+ Rxd8 30. f5 Nf8 31. Bxh4 Rd2 32. Re2 Rxe2 
33. Qxe2 Qb7 34. Bf2 g6 35. f6 Nd7 36. Bd4 Kh7 37. Qg2 Qc7 38. Qg3 Kg8 
39. Qh4 Qd8 40. Qf2 b5 41. cxb5 axb5 42. Qe3 Qa5 43. Bc3 Qc7 44. a4 b4 
45. Bxb4 Qc2 46. a5 Qb1+ 47. Kg2 Qc2+ 48. Kg3 Kh7 49. Bd2 
1-0

[Event "34th Chess Olympiad (men)"]
[Site "Istanbul"]
[Date "2000.11.10"]
[Round "13.32.1"]
[White "Bin Sattar, Reefat"]
[Black "Stefansson, Hannes"]
[WhiteElo "2467"]
[BlackElo "2557"]
[WhiteCountry "BAN"]
[BlackCountry "ISL"]
[Result "0-1"]

1. e4 c5 2. Nf3 Nc6 3. d4 cxd4 4. Nxd4 e6 5. Nc3 Qc7 6. Be2 a6 7. O-O Nf6 
8. Kh1 Be7 9. f4 d6 10. Be3 O-O 11. a4 Re8 12. Bf3 Bf8 13. Nb3 b6 14. g4 Bb7 
15. g5 Nd7 16. Bg2 Nc5 17. Nd4 Nb4 18. Qd2 d5 19. e5 Ne4 20. Nxe4 dxe4 
21. c3 Nd3 22. Ne2 Red8 23. Bd4 Bc5 24. b3 Rac8 25. Ra2 Bd5 26. Qe3 Bxb3 
27. Rd2 Bxd4 28. cxd4 Bxa4 29. Bxe4 Nb4 30. f5 Bc2 31. Ng3 Bxe4+ 32. Nxe4 Nc2 
33. Qf4 Nxd4 34. Nd6 Nxf5 35. Nxc8 Rxc8 36. Qe4 Qe7 37. Rg1 g6 38. Qf3 Kg7 
39. Qe4 b5 40. Ra2 Rc4 41. Qf3 Qc5 42. Re1 Rc1 43. Rae2 a5 44. Qa8 Qc3 
0-1

[Event "34th Chess Olympiad (men)"]
[Site "Istanbul"]
[Date "2000.11.10"]
[Round "13.32.2"]
[White "Olafsson, Helgi"]
[Black "Rahman, Ziaur"]
[WhiteElo "2478"]
[BlackElo "2421"]
[WhiteCountry "ISL"]
[BlackCountry "BAN"]
[Result "1/2-1/2"]

1. d4 e6 2. Nf3 Nf6 3. g3 b5 4. Bg2 Bb7 5. Bg5 c5 6. c3 Na6 7. O-O Be7 
8. e3 O-O 9. Nbd2 h6 10. Bxf6 Bxf6 11. Qe2 b4 12. Ne5 d5 13. Qb5 Qb6 
14. Qxb6 axb6 15. Nd7 Rfd8 16. Nxf6+ gxf6 17. a3 bxc3 18. bxc3 Bc6 19. f4 b5 
20. f5 e5 21. Kf2 Ra7 22. Nf3 e4 23. Ne1 Rc8 24. Ke2 cxd4 25. cxd4 Bd7 
26. Kd2 Rac7 27. Rf2 Rc3 28. Bf1 Nb8 29. Ra2 Kf8 30. Nc2 Ke7 31. Rb2 Kd6 
32. Be2 b4 33. Nxb4 Rxa3 34. Nc2 Rac3 35. Rb6+ R3c6 36. Rxc6+ Nxc6 37. Rf1 
1/2-1/2

[Event "34th Chess Olympiad (men)"]
[Site "Istanbul"]
[Date "2000.11.10"]
[Round "13.32.3"]
[White "Al Rakib, Abdullah"]
[Black "Thorhallsson, Throstur"]
[WhiteElo "2386"]
[BlackElo "2454"]
[WhiteCountry "BAN"]
[BlackCountry "ISL"]
[Result "0-1"]

1. d4 Nf6 2. Nf3 d5 3. c4 dxc4 4. e3 e6 5. Bxc4 a6 6. O-O c5 7. b3 b5 
8. Be2 Nbd7 9. Bb2 Bb7 10. Nbd2 Be7 11. a4 b4 12. Rc1 O-O 13. Qc2 Rc8 
14. Qb1 Rc7 15. dxc5 Nxc5 16. Ng5 g6 17. Rfd1 Nd5 18. Ngf3 Bf6 19. Rxc5 Rxc5 
20. Ne4 Rc3 21. Bxc3 bxc3 22. Nxf6+ Qxf6 23. b4 Rc8 24. Rc1 c2 25. Qb3 Nc3 
26. Bf1 Bd5 27. Qxc2 Ne2+ 28. Bxe2 Rxc2 29. Rxc2 Qa1+ 30. Bf1 Qxa4 31. Rc8+ Kg7 
32. Ne5 Qxb4 33. Rc7 Qb8 34. Rxf7+ Kg8 35. f4 a5 36. Rd7 a4 37. Ng4 Qb2 
38. Rd8+ Kg7 39. Rd7+ Kf8 
0-1

[Event "34th Chess Olympiad (men)"]
[Site "Istanbul"]
[Date "2000.11.10"]
[Round "13.32.4"]
[White "Gunnarsson, Jon Viktor"]
[Black "Hossain, Rajib"]
[WhiteElo "2368"]
[BlackElo "2314"]
[WhiteCountry "ISL"]
[BlackCountry "BAN"]
[Result "1-0"]

1. e4 c5 2. Nf3 Nc6 3. d4 cxd4 4. Nxd4 e5 5. Nb5 d6 6. c4 Be7 7. N1c3 a6 
8. Na3 Be6 9. Nc2 Rc8 10. Be3 Nf6 11. f3 Na5 12. b3 b5 13. Nd5 Nxd5 
14. cxd5 Bd7 15. Qd2 Nb7 16. b4 f5 17. Bd3 f4 18. Bf2 Bh4 19. O-O Bxf2+ 
20. Qxf2 O-O 21. Qa7 Qc7 22. Rfc1 Ra8 23. Qf2 Rfc8 24. Bf1 a5 25. Nd4 Qb8 
26. Bxb5 Bxb5 27. Nxb5 axb4 28. Qb6 Rd8 29. Nc7 Qa7 30. Nxa8 
1-0

[Event "34th Chess Olympiad (men)"]
[Site "Istanbul"]
[Date "2000.11.10"]
[Round "13.33.1"]
[White "Maherramzade, Javad"]
[Black "Arduman, Can"]
[WhiteElo "2433"]
[BlackElo "2397"]
[WhiteCountry "AZE"]
[BlackCountry "TURA"]
[Result "1/2-1/2"]

1. d4 Nf6 2. Nf3 g6 3. c4 Bg7 4. g3 c5 5. Bg2 Qa5+ 6. Bd2 Qb6 7. Bc3 Ne4 
8. O-O O-O 9. Qd3 Nxc3 10. Nxc3 d6 11. Nd5 Qd8 12. Rfd1 Nc6 13. e3 
1/2-1/2

[Event "34th Chess Olympiad (men)"]
[Site "Istanbul"]
[Date "2000.11.10"]
[Round "13.33.2"]
[White "Soylu, Suat"]
[Black "Mirzoev, Azer"]
[WhiteElo "2345"]
[BlackElo "2414"]
[WhiteCountry "TURA"]
[BlackCountry "AZE"]
[Result "0-1"]

1. e4 c5 2. Nf3 Nc6 3. d4 cxd4 4. Nxd4 g6 5. c4 Nf6 6. Nc3 d6 7. Be2 Bg7 
8. Be3 O-O 9. O-O Bd7 10. Nc2 a6 11. Qd2 Re8 12. f3 Rc8 13. Rac1 Qa5 14. a4 Be6 
15. Rb1 Nd7 16. b4 Qd8 17. Nd5 Nce5 18. Na3 b6 19. f4 Nc6 20. f5 Bxd5 
21. cxd5 Nce5 22. Bxa6 Rc3 23. Ra1 Qa8 24. Bb5 Rec8 25. Bd4 R3c7 26. fxg6 hxg6 
27. Kh1 Bf6 28. Rac1 Qb7 29. Rxc7 Qxc7 30. Bb2 Qd8 31. Rc1 Rb8 32. Nc4 Nxc4 
33. Rxc4 Bxb2 34. Qxb2 Ne5 35. Rc1 Qf8 36. Qd2 Qg7 37. h3 Qf6 38. Qe3 Qh4 
39. Kg1 Kg7 40. Bf1 g5 41. Ra1 g4 42. Qf4 Qh7 43. hxg4 Rh8 44. Ra3 Qh1+ 
45. Kf2 Qh4+ 46. Ke2 Ng6 47. Qg3 Qf6 48. Qc3 Ne5 49. a5 bxa5 50. bxa5 Qg6 
51. Qd4 Rc8 52. Rc3 Rb8 53. Rf3 Rb1 54. a6 Qg5 55. Kf2 f6 56. Rf5 Qh4+ 
57. Ke2 Qe1# 
0-1

[Event "34th Chess Olympiad (men)"]
[Site "Istanbul"]
[Date "2000.11.10"]
[Round "13.35.1"]
[White "Ghaem, Maghami Ehsan"]
[Black "Kastanieda, Georgiy"]
[WhiteElo "2488"]
[BlackElo "2457"]
[WhiteCountry "IRI"]
[BlackCountry "PER"]
[Result "1/2-1/2"]

1. e4 e6 2. d4 d5 3. Nc3 Nf6 4. e5 Nfd7 5. f4 c5 6. Nf3 Nc6 7. Be3 a6 8. Qd2 b5 
9. Qf2 Qb6 10. Bd3 cxd4 11. Nxd4 Bc5 12. Nce2 b4 13. O-O a5 14. c3 Ba6 
15. Bxa6 Rxa6 16. Nc1 Bxd4 17. cxd4 f5 18. exf6 Nxf6 19. Nb3 Ne4 20. Qe2 O-O 
21. Nc5 Nxc5 22. dxc5 Qb7 23. Rad1 Ne7 24. Bd4 Rc6 25. Kh1 Qa6 26. Qf3 Rf7 
27. g3 Ng6 28. Rfe1 Nf8 29. Rd2 Nd7 30. Qe2 
1/2-1/2

[Event "34th Chess Olympiad (men)"]
[Site "Istanbul"]
[Date "2000.11.10"]
[Round "13.35.2"]
[White "Belli, Mario"]
[Black "Mahjoob, Morteza"]
[WhiteElo "2393"]
[BlackElo "2337"]
[WhiteCountry "PER"]
[BlackCountry "IRI"]
[Result "1-0"]

1. d4 f5 2. g3 Nf6 3. Bg2 g6 4. c3 Bg7 5. Qb3 d5 6. Nh3 a5 7. a4 Ra6 8. Nf4 Rb6 
9. Qa2 Be6 10. Nd2 Bf7 11. Nf3 Nbd7 12. Nd3 Ne4 13. Qa3 O-O 14. Bf4 Nd6 
15. b3 Nf6 16. Rc1 Nfe4 17. h4 Ra6 18. Nfe5 c6 19. e3 b5 20. f3 Nf6 21. Nc5 Rb6 
22. axb5 cxb5 23. Qxa5 Nb7 24. Nxb7 Rxb7 25. Qxd8 Rxd8 26. Ra1 Be8 27. Nd3 Nd7 
28. Kd2 Rc8 29. Ra6 Bf8 30. Rha1 Kf7 31. e4 Nf6 32. Nc5 
1-0

[Event "34th Chess Olympiad (men)"]
[Site "Istanbul"]
[Date "2000.11.10"]
[Round "13.35.4"]
[White "Soto, Jorge"]
[Black "Ghane, Shojaat"]
[WhiteElo "2225"]
[BlackElo "2315"]
[WhiteCountry "PER"]
[BlackCountry "IRI"]
[Result "0-1"]

1. e4 e6 2. d3 d5 3. Nd2 c5 4. Ngf3 Nc6 5. g3 g6 6. Bg2 Bg7 7. O-O Nge7 
8. Re1 b6 9. a3 h6 10. Rb1 a5 11. Qe2 O-O 12. Nf1 Ba6 13. b3 a4 14. bxa4 c4 
15. Rd1 cxd3 16. cxd3 dxe4 17. Qxe4 Nd5 18. Bd2 Ra7 19. Ne3 Nce7 20. Ng4 Kh7 
21. Nge5 Bb7 22. Qc4 Qa8 23. a5 bxa5 24. Qg4 Nf5 25. Qh3 Nd6 26. Ng4 Nf5 
27. Nfe5 f6 28. Nc4 Bc6 29. Re1 e5 30. Be4 Nde7 31. Rb6 Bxe4 32. dxe4 Nd4 
33. Bxh6 Nf3+ 34. Kf1 Qc8 35. Nce3 Ra6 36. Nd5 Qc4+ 37. Re2 Rxb6 38. Bxg7+ Kxg7 
39. Qh6+ Kg8 40. Nxe7+ Kf7 41. Qh7+ Ke6 42. Nd5 Rf7 43. Qxg6 Nd2+ 44. Kg2 Qxe2 
45. Qf5+ Kd6 46. Nge3 Rb3 47. Nf4 Qf3+ 48. Kh3 Qxe4 49. Qe6+ Kc5 50. Qxf7 exf4 
51. Qc7+ Kb5 52. Qd7+ Kc5 53. Qc7+ Kd4 54. Qd6+ Kc3 55. Qxf6+ Kd3 56. Ng2 f3 
57. Nf4+ Kc2 58. Qd6 Qf5+ 59. g4 Qh7+ 60. Nh5 Rc3 61. Qd5 a4 62. Qa2+ Kd3 
63. Kg3 Nf1+ 64. Kh3 Nd2 65. Kg3 Rc4 66. Nf4+ Rxf4 67. Kxf4 Qxh2+ 68. Kf5 Qh7+ 
69. Kg5 Ne4+ 70. Kf4 Qh2+ 71. Kf5 Qxf2 72. Qd5+ Qd4 73. Qb5+ Ke3 
0-1

[Event "34th Chess Olympiad (men)"]
[Site "Istanbul"]
[Date "2000.11.10"]
[Round "13.36.1"]
[White "Watanabe, Akira"]
[Black "Haznedaroglu, Kivanc"]
[WhiteElo "2374"]
[BlackElo "2249"]
[WhiteCountry "JPN"]
[BlackCountry "TURB"]
[Result "0-1"]

1. d4 Nf6 2. c4 e6 3. Nc3 Bb4 4. e3 b6 5. Nge2 c5 6. a3 Ba5 7. Rb1 Na6 
8. Bd2 O-O 9. Ng3 Bb7 10. Bd3 Bxg2 11. Rg1 Bb7 12. d5 b5 13. Nh5 g6 
14. cxb5 Nc7 15. d6 Ncd5 16. b4 cxb4 17. Nxd5 exd5 18. Bxb4 Bb6 19. Qf3 Nxh5 
20. Qxh5 Qf6 21. Qg5 Qg7 22. Kd2 Rfe8 23. a4 d4 24. e4 Bxe4 25. Bxe4 Rxe4 
26. a5 Bd8 27. Qd5 Re8 28. Kd3 Bh4 29. Rge1 Bxf2 30. Re7 Bh4 31. Rf1 Bf6 
32. b6 axb6 33. axb6 Kh8 34. Rxf7 Qh6 35. b7 Qe3+ 36. Kc4 Qe2+ 37. Kc5 Qc2+ 
38. Kb6 Bd8+ 
0-1

[Event "34th Chess Olympiad (men)"]
[Site "Istanbul"]
[Date "2000.11.10"]
[Round "13.36.2"]
[White "Ipek, Ali"]
[Black "Matsuo, Tomohiko"]
[WhiteElo "2241"]
[BlackElo "2186"]
[WhiteCountry "TURB"]
[BlackCountry "JPN"]
[Result "1/2-1/2"]

1. d4 Nf6 2. Nf3 g6 3. Bg5 Bg7 4. Nbd2 d5 5. e3 h6 6. Bh4 O-O 7. Be2 Nbd7 
8. O-O Ne4 9. Nxe4 dxe4 10. Nd2 f5 11. Bc4+ Kh7 12. f3 Nb6 13. Bb3 Bxd4 
14. exd4 Qxd4+ 15. Kh1 e3 16. Bxe7 Re8 17. Ne4 Qxd1 18. Nf6+ Kh8 19. Rfxd1 Rxe7 
20. Rd8+ Kg7 21. Ne8+ Kh7 22. Nf6+ Kg7 23. Ne8+ Kh7 24. Nf6+ 
1/2-1/2

[Event "34th Chess Olympiad (men)"]
[Site "Istanbul"]
[Date "2000.11.10"]
[Round "13.36.3"]
[White "Tanaka, Yuuki"]
[Black "Erdogan, Hakan"]
[WhiteElo "2126"]
[BlackElo "2217"]
[WhiteCountry "JPN"]
[BlackCountry "TURB"]
[Result "1/2-1/2"]

1. c4 Nf6 2. Nc3 e6 3. e4 c5 4. e5 Ng8 5. Nf3 Nc6 6. d4 cxd4 7. Nxd4 Nxe5 
8. Ndb5 f6 9. Bf4 Nh6 10. Bxe5 fxe5 11. Nd6+ Bxd6 12. Qxd6 Qa5 13. O-O-O Nf5 
14. Qd2 O-O 15. Bd3 b5 16. cxb5 d5 17. Rhe1 d4 18. Ne4 Qxa2 19. Qb4 a5 
20. Qc4 Qxc4+ 21. Bxc4 Ra7 22. Kd2 Ne7 23. Ra1 Nd5 24. Ra3 Nb6 25. Bb3 a4 
26. f3 Rc7 27. Ba2 Bd7 28. Nd6 Rc5 29. b4 axb3 30. Bxb3 Nc8 31. Nc4 Bxb5 
32. Nxe5 Re8 33. Ra5 Nd6 34. Nd7 Rg5 35. g3 Rg6 36. Nc5 Nc4+ 37. Bxc4 Bxc4 
38. Ra4 Bd5 39. Rxd4 Bxf3 40. Rd6 Bg4 41. Nd3 Rf6 42. Ne5 Bh3 43. Ke3 h6 
44. Re2 Ra8 45. Kd4 Ra4+ 46. Kc5 Kh7 47. Kb6 Bf1 48. Re3 Rf2 49. h4 Rb2+ 
50. Kc6 Bg2+ 51. Kd7 Bd5 52. Ke7 h5 53. Rd7 Rab4 54. Rc7 R4b3 55. Rec3 Rxc3 
56. Rxc3 Re2 57. Kd6 Ra2 58. Re3 g6 59. Rc3 Ra6+ 60. Ke7 Kg7 61. Rc7 Be4 
62. Rd7 Rb6 63. Ra7 Rb7+ 64. Rxb7 Bxb7 65. Kxe6 Bc8+ 66. Kd5 Kf6 67. Ke4 g5 
1/2-1/2